Keď poistná suma rozhoduje o živote

Poistenie kritických (civilizačných, vážnych) ochorení. Choroby presne definované vo všeobecných poistných podmienkach poisťovne. Nastavenie poistnej sumy. Poistná suma by mala pokrývať náklady na liečbu a zároveň nahrádzať príjem zo zamestnania. Cena za poistné krytie. Na čo všetko sa dá poistiť.

Saved in:
Bibliographic Details
Main Author: Škriniar, Pavel, 1979-
Format: Book Chapter
Language:Slovak
Subjects:
Tags: Add Tag
No Tags, Be the first to tag this record!

MARC

LEADER 00000naa a2200000 4500
001 0172001
005 20240502072940.8
041 0 |a slo 
044 |a SK 
245 1 0 |a Keď poistná suma rozhoduje o živote  |c Pavel Škriniar 
520 |a Poistenie kritických (civilizačných, vážnych) ochorení. Choroby presne definované vo všeobecných poistných podmienkach poisťovne. Nastavenie poistnej sumy. Poistná suma by mala pokrývať náklady na liečbu a zároveň nahrádzať príjem zo zamestnania. Cena za poistné krytie. Na čo všetko sa dá poistiť. 
610 2 0 |a poistenie 
610 2 0 |a zdravie 
610 2 0 |a náklady 
610 2 0 |a ceny 
610 2 0 |a príjmy 
100 1 |a Škriniar, Pavel, 1979-